000 00485nam a2200181Ia 4500
005 20250326141648.0
008 250326s9999 xx 000 0 und d
037 _aTextbook
040 _aFMSL
_beng
_cFMSL
041 _aeng
_2eng
084 _aX:97 M1
_qFMSL
100 _aILO
245 0 _aWorkers participation in decisions with in undertakings
_cILO
260 _aGeneva
_bGeneva, ILO
_c1981
300 _a235p
942 _cTB
_hX:97 M1
999 _c1291372
_d1291372